BUBT Library Online Catalog

Encyclopedia of Crime Police and judicial System (Record no. 233)

000 -LEADER
fixed length control field 00749nam a22002537a 4500
008 - FIXED-LENGTH DATA ELEMENTS--GENERAL INFORMATION
fixed length control field 130424b xxu||||| |||| 00| 0 eng d
020 ## - INTERNATIONAL STANDARD BOOK NUMBER
International Standard Book Number 8126101768
024 ## - OTHER STANDARD IDENTIFIER
Terms of availability Available
037 ## - SOURCE OF ACQUISITION
Terms of availability Available
040 ## - CATALOGING SOURCE
Original cataloging agency MBSTU Library
Modifying agency MBSTU Library
082 ## - DEWEY DECIMAL CLASSIFICATION NUMBER
Edition number 22
Classification number 345.303 GIE
100 ## - MAIN ENTRY--PERSONAL NAME
Personal name Shah, Giriraj
245 ## - TITLE STATEMENT
Title Encyclopedia of Crime Police and judicial System
260 ## - PUBLICATION, DISTRIBUTION, ETC. (IMPRINT)
Place of publication, distribution, etc. New Delhi
Name of publisher, distributor, etc. Anmol Publisher
Date of publication, distribution, etc. 2002
300 ## - PHYSICAL DESCRIPTION
Extent 25 cm
Other physical details 452 Page
Type of unit 56
Size of unit 25 cm
521 ## - TARGET AUDIENCE NOTE
Source MBSTU Library
600 ## - SUBJECT ADDED ENTRY--PERSONAL NAME
Personal name Criminal Law - Encyclopedia
650 ## - SUBJECT ADDED ENTRY--TOPICAL TERM
Source of heading or term Criminal Law - Encyclopedia
700 ## - ADDED ENTRY--PERSONAL NAME
Personal name Shah, Giriraj
270 ## - ADDRESS
Address New Delhi
City New Delhi
Country India
365 ## - TRADE PRICE
Price amount 20400.00
Unit of pricing 20400.00
942 ## - ADDED ENTRY ELEMENTS (KOHA)
Source of classification or shelving scheme
Koha item type Books

No items available.

More Information About Library

Library Hours

  • Open: 9.00 am. to 9.00 pm.
  • Only Sunday: 9.00 am. to 6.00 pm.
  • Closed: Holiday

Contact to the University

Bangladesh University of Business and Technology Library

  • Mirpurl-2, 1216.
  • Phone:
  • Fax:
  • E-Mail: admin.library@bubt.edu.bd

Contact to the Library

Contact Person:

Md. Abdul Hakim Shah
Joint Librarian
PABX No:  113
Cell No: 01816332931
E-mail: official: admin.library@bubt.edu.bd
Personal: hakim.shah@bubt.edu.bd


BUBT Library

Copyright © 2021